LEADER 01123nam a2200277 i 4500 001 000000138262 003 CaOOAMICUS 005 20050429000000.0 008 050429s2004 fr u000 u fre u 013 $a112157 020 $a2-7189-0975-7 040 $aSeMil$bita 100 1 $aBouvier, Maurice.$0(OLS)http://semarc/name/55993 245 13$aLe Christ de Charles De Foucauld /$cMaurice Bouvier. 260 $aParis :$bDesclée,$ccopyr. 2004. 300 $a345 p. , 23 cm. 490 0 $aJésus et Jésus-Christ ;$v89 500 $aContiene : Bibliographie. 650 4$aFoucauld, Charles : de - Cristologia.$0(OLS)http://semarc/subject/27173 830 0$aJésus et Jésus-Christ ;$v89.$0(OLS)http://semarc/title/5741 850 $aSeMil 852 $aSeMil$W1$xVenegono$y1$m2N III 589$j91756$B91756$CSeMilBibl$Z2$F96813 $81 961 $aSottoscrizione: CELF 996 $6020$a2-7189-0975-7$9(OLS)http://semarc/number/126129 996 $6245$aLe Christ de Charles De Foucauld$9(OLS)http://semarc/title/202093 996 $6260$aParis :$bDesclée$9(OLS)http://semarc/publisher/29855 LEADER 00853nam a2200217 i 4500 001 000000139715 003 CaOOAMICUS 005 20050530000000.0 008 050530s1958 it u000 u ita u 013 $a113848 040 $aSeMil$bita 100 1 $aBerenson, Bernard,$d<1865-1959>.$0(OLS)http://semarc/name/6477 245 10$aVol. 1. 300 $a214 p., con 628 illustrazioni. 500 $aContiene : Errata corrige. 773 0 $aBerenson, Bernard <1865-1959>$tPitture italiane del Rinascimento.$dLondon : Phaidon press, 1958.$w()13592 773 0 $aBerenson, Bernard <1865-1959>$tScuola veneta.$dLondon : Phaidon press, 1958.$w()13593 850 $aSeMil 852 $aSeMil$W1$xVenegono$y1$m5O XVI 21$j93105$B93105$CSeMilBibl$Z2$F98511 $81 961 $aOmaggio: Pelizzi Carla ved. Ferrari 996 $6245$aVol. 1$9(OLS)http://semarc/title/13429 LEADER 00455naa a2200145 i 4500 001 000000326444 003 CaOOAMICUS 005 20191002112856.0 008 180831n it u000 u ita u 013 $a37593 040 $aSeMil$bita 245 13$aLa cultura /$cPaolo 6. 773 0 $aPaulus VI $tPaolo 6..$dRoma : Studium, 2016.$z978-88-382-4406-3$gp.327-352$w()186611 996 $6245$aLa cultura$9(OLS)http://semarc/title/121579 LEADER 00798nam a2200193 i 4500 001 000000229452 003 CaOOAMICUS 005 20140509000000.0 008 140509s1809 xx u000 u fre u 013 $a208354 026 $auis- ceit use- lere (3) 1809 (A) 040 $aSeMil$bita 245 10$aTome troisieme, contenant les notes. 300 $a368 p. 773 0 $tPsaumes nouvellement traduits sur l'hébreu, et mis dans leur ordre naturel, avec des explications et des notes critiques ... Tome 1. [-3.].$dA Paris : Chez Eberhart : Savoye : Nicolle, 1809.$g3$w()29840 850 $aSeMil 852 $aSeMil$W1$xVenegono$y1$m2V II 3 FA$j179798$B179798$CSeMilBibl$Z2$F190910 $8I 961 $aRecupero: Donazione 996 $6245$aTome troisieme, contenant les notes$9(OLS)http://semarc/title/328188 LEADER 01047nas a2200229 i 4500 001 000000241016 003 CaOOAMICUS 005 20150421000000.0 008 150421b2003 gw uu u0 0ger r 013 $a219921 040 $aSeMil$bita 245 10$aBeiheft zu den Katechetischen Blättern [2003] :$bBausteine für die Gemeindekatechese. 260 $aMünchen :$bKösel,$c2003. 300 $a1 v. (varie paginazioni) ;$c21 cm. 710 0 $aDeutscher Katecheten-Verein e. V.$0(OLS)http://semarc/name/14633 774 0 $tTaufe zwischen 9 und 15. - 24 p. - Titolo principale dalla copertina.$w()287048 774 0 $tErwachsenekatechese zwischen Wissen und Erfahrung. - 24 p..$w()287049 850 $aSeMil 852 $aSeMil$W1$xVenegono$y1$m25 6 128/S2$j191362$B191362$CSeMilBibl$Z2$F202173 $85 961 $aOmaggio: Lorenzi don Ugo 996 $6245$aBeiheft zu den Katechetischen Blättern [2003] :$bBausteine für die Gemeindekatechese$9(OLS)http://semarc/title/342663 996 $6260$aMünchen :$bKösel$9(OLS)http://semarc/publisher/34068 LEADER 01028nam a2200217 i 4500 001 000000028308 003 CaOOAMICUS 005 20190802104631.0 008 180830s1985 it u000 u ita u 040 $aSeMil$bita 245 10$aSermoni di S. Massimo di Torino /$cintroduzione, traduzione e note di Luigi Padovese. 260 $aCasale Monferrato (AL) :$bPiemme,$c1985. 300 $a2 v. ;$c22 cm. 700 1 $aMaximus : Taurinensis .$0(OLS)http://semarc/name/12929 700 1 $aPadovese, Luigi,$c.$0(OLS)http://semarc/name/5050 774 0 $tSermoni liturgici sul Natale e sull'Epifania.$kClassici cristiani$g1$w()63974 774 0 $tSermoni liturgici su Quaresima, Pasqua e Pentecoste.$kClassici cristiani$g2$w()219600 830 0$aClassici cristiani.$0(OLS)http://semarc/title/38413 996 $6245$aSermoni di S. Massimo di Torino$9(OLS)http://semarc/title/38415 996 $6260$aCasale Monferrato (AL) :$bPiemme$9(OLS)http://semarc/publisher/30052